00553nam a2200205 u 45000010003000000050017000030080041000200350007000610400013000680410008000810820008000891000036000972450090001332600022002233000018002456500033002636500024002969420012003209990015003321820230803074913.0950124s1984 spa  a18 ccomduadb aspa 4a33510aHocevar, Joze4auteaut923917410aSocialismo autogestionario en marcha : el pensamiento economico de autores yugoslavos aVenezuela,c1984. a377 páginas aSocialismo - Yugoslavia9627 aAutogestión94718 cBOOKn0 c2702d2702